Представление документа в формате RUSMARC

ПолеНазваниеЗначение
  Тип записи a
  Библиографический уровень m
001 Контрольный номер RU/SLIB/B/208786023
005 Дата корректировки 20221129101945.3
010 Индекс ISBN __
d Цена 2-50
101 Язык документа 0_
a Язык текста rus
200 Заглавие и сведения об ответственности 0_
a Заглавие Собрание сочинений
e Сведения, относящиеся к заглавию в 5 т.
f Первые сведения об ответственности Писемский А. Ф.
b Общее обозначение материала Текст
h Номер части Т. 3
i Наименование части Тысяча душ
210 Выходные данные 1_
a Место издания М.
c Издательство Худож. лит.
d Дата издания 1983
215 Физическое описание __
a Объем 479 с.
606 Тематические рубрики __
a Основная рубрика Художественная литература
z Хронологическая подрубрика 19 в.
y Географическая подрубрика Россия
606 Тематические рубрики __
a Основная рубрика Русская литература XIX в. (произведения)
610 Ключевые слова 0_
a Ключевые слова проза; романы
686 Индексы других классификаций __
a Классификационный индекс 84(2=411.2)52-4; ст84(2Рос=Рус)1-4
700 Автор _1
a Фамилия Писемский
b Имя А. Ф.
g Полное личное имя Алексей Феофилактович
4 Код отношения 070
801 Источник записи _0
a Страна RU
b Организация Муниципальное бюджетное учреждение культуры "Централизованная библиотечная система" г. Сургут (Центральная городская библиотека им. А. С. Пушкина)
g Правила каталогизации КиК/Лебедева
801 Источник записи _1
a Страна RU
b Организация Муниципальное бюджетное учреждение культуры "Централизованная библиотечная система" г. Сургут (Центральная городская библиотека им. А. С. Пушкина)
g Правила каталогизации КиК/Лебедева
852 Данные о местонахождении __
j Шифр хранения 84(2=411.2)52-4
c Каталожный индекс 84(2Рос=Рус)1-4
i Авторский знак П 34
p Инвентарный номер 15237
901 Тип документа __
t Тип документа m
903 Характеристики (МАРС) __
a Дата передачи 20060324
990 Данные о заказе (DOS) 00
j Количество экземпляров (DOS) 5
t N записи в КСУ для И/У (DOS) ретро